MARC

LEADER 00000nam0a2200000 4500
001 363941
005 20231102011635.0
035 |a (RuTPU)RU\TPU\retro\21290 
090 |a 363941 
100 |a 20211020d1981 km y0rusy50 ca 
101 0 |a rus 
102 |a UA 
105 |a a z 001zy 
200 1 |a Организация ремонта оборудования металлургических предприятий  |f С. С. Аптекарь, Б. П. Бельгольский, И. Г. Вендров [и др.] 
210 |a Киев  |c Технiка  |d 1981 
215 |a 160 с.  |c ил. 
320 |a Библиогр.: с. 157 
606 1 |a Металлургическое оборудование  |x Ремонт  |2 stltpush  |3 (RuTPU)RU\TPU\subj\42987  |9 62575 
610 1 |a металлургические предприятия 
610 1 |a ремонтные работы 
610 1 |a централизация 
610 1 |a запасные части 
610 1 |a сменное оборудование 
610 1 |a изготовление 
610 1 |a сетевое планирование 
610 1 |a крупногабаритное оборудование 
610 1 |a капитальный ремонт 
610 1 |a нормирование 
675 |a 669.02  |v 4 
701 1 |a Аптекарь  |b С. С.  |g Савелий Семенович 
701 1 |a Бельгольский  |b Б. П.  |g Борис Петрович 
701 1 |a Вендров  |b И. Г.  |g Илья Григорьевич 
701 1 |a Довгань  |b Л. В.  |g Леонид Владимирович 
701 1 |a Кольцов  |b С. В.  |g Станислав Валентинович 
801 1 |a RU  |b 63413507  |c 20211020 
942 |c BK